10 Clubs qui ont gagné le plus de Première League - Statistiques

Statistiques générales
  • Ce quiz a été pris 415 fois
  • Le résultat moyen est 7 sur 10
Statistiques - réponses
Hint Réponse % Correct
4 Manchester City (10)
99%
1 Manchester United (20)
99%
3 Arsenal(13)
98%
2 Liverpool (20)
98%
7 Chelsea
95%
6 Aston Villa (7)
74%
5 Everton (9)
56%
10 Newcastle (4)
55%
8 Sunderland (6)
29%
9 Sheffield Wednesday (4)
6%
Aucun quiz correspondant
Distribution des résultats
% des personnes avec chaque résultat
Percentile par nombre de réponses
Votre historique - résultats
Vous n’avez pas pris ce quiz